Comayagua Int. Airport Destinations (Comayagua, Honduras) - Map - Statistics

General Stats
  • This quiz has been taken 9 times
  • The average score is 11 of 11
Answers on the Map
Answers color-coded by a green-red scale on the quiz's map according to % correct below.
 
Answer Stats
Destination % Correct
Barcelona
100%
Houston (Intercontinental)
100%
Madrid
100%
Mexico City
100%
Miami
100%
Panama City (Tocumen)
100%
San José (CR)
100%
San Salvador
100%
Dallas/Fort Worth
88%
New Orleans
88%
Fort Lauderdale
75%
No matching quizzes found
Score Distribution
Percent of People with Each Score
Percentile by Number Answered
Your Score History
You have not taken this quiz